Catálogo
 En Linea

Frente a 1958 : (Registro nro. 14069)

Detalles MARC
000 -CABECERA
campo de control de longitud fija 00731cam a2200169 a 4500
001 - NÚMERO DE CONTROL
campo de control 000014480
005 - FECHA Y HORA DE LA ÚLTIMA TRANSACCIÓN
campo de control 20200929163845.0
008 - DATOS DE LONGITUD FIJA--INFORMACIÓN GENERAL
campo de control de longitud fija 860224s1983 ve b f000 0 spa d
040 ## - FUENTE DE LA CATALOGACIÓN
Centro catalogador/agencia de origen DO-SdBNP
Lengua de catalogación spa
Centro/agencia transcriptor BNPHU
082 ## - NÚMERO DE LA CLASIFICACIÓN DECIMAL DEWEY
Número de clasificación 987.0633
Número de documento/Ítem H565f
100 1# - ENTRADA PRINCIPAL--NOMBRE DE PERSONA
Nombre de persona Herrera Campins, Luis.
9 (RLIN) 18065
245 10 - MENCIÓN DE TÍTULO
Título Frente a 1958 :
Resto del título material de discusión política electoral venezolana /
Mención de responsabilidad, etc. [Luis Herrera Campins].
260 ## - PUBLICACIÓN, DISTRIBUCIÓN, ETC.
Lugar de publicación, distribución, etc. Caracas :
Nombre del editor, distribuidor, etc. Presidencia de la República,
Fecha de publicación, distribución, etc. 1983.
300 ## - DESCRIPCIÓN FÍSICA
Extensión 161 p. ;
Dimensiones 18 cm.
505 0# - NOTA DE CONTENIDO CON FORMATO
Nota de contenido con formato Esto dice la constitución -- Carta informe de Herrera Campíns, al II Congreso de la Democracia Cristiana de América sobre la situación política de Venezuela -- La tumba dictatorial.
504 ## - NOTA DE BIBLIOGRAFÍA, ETC.
Nota de bibliografía, etc. Bibliografía: p. 159-161.
Existencias
Estado de retiro Estado de pérdida Restricciones de uso No para préstamo Código de colección Localización permanente Ubicación/localización actual Ubicación en estantería Fecha de adquisición Número de inventario Total de préstamos Signatura topográfica completa Código de barras Fecha visto por última vez Precio válido a partir de Tipo de ítem Koha
    Préstamo interno   Monografías: Libros y Folletos General General En catalogación 11.01.2010 LF1   987.0633 H565f 14480-10 25.06.2020 25.06.2020 Préstamo interno

Con tecnología Koha